000 00417cam a2200157 4500
020 _a0571088651
041 _aENG
082 0 0 _a301.58
_bBER
100 1 _aBerger, Peter L.,
245 1 4 _aThe social reality of religion
260 _aLondon,
_bFaber,
_c1969.
300 _aviii, 231 p.
500 _aAmerican ed. published in 1967 under title: The sacred canopy.
650 0 _aReligion and sociology.
942 _cBK
999 _c22727
_d22727